| 000 | 00518nam a2200205Ia 4500 | ||
|---|---|---|---|
| 005 | 20221201111634.0 | ||
| 008 | 131103s9999 xx 000 0 und d | ||
| 020 |
_a340323493 _cGBP : 9.95 |
||
| 040 | _aLoreto College | ||
| 041 | _aEnglish | ||
| 082 |
_a954.7 _bMOO |
||
| 100 | _aMoorhouse,Geoffrey | ||
| 245 |
_aTo the frontier _cGeoffrey Moorhouse |
||
| 260 |
_aLondon _bHodder and Stoughton _c1984 |
||
| 300 | _a285 p. | ||
| 504 | _aIncludes glossary | ||
| 650 | _aHistory | ||
| 850 | _aLCLIB | ||
| 942 | _cBK | ||
| 999 |
_c10245 _d60724 |
||